Entrenamiento de la resistencia de los corredores de medio fondo y fondo
Saved in:
| Main Authors: | , |
|---|---|
| Format: | Bog |
| Sprog: | spansk |
| Udgivet: |
Madrid
Gymnos
1997
|
| Fag: | |
| Tags: |
Tilføj Tag
Ingen Tags, Vær først til at tagge denne postø!
|
MARC
| LEADER | 00000nam a2200000 a 4500 | ||
|---|---|---|---|
| 001 | UCO7437 | ||
| 003 | CL-VaPUC | ||
| 008 | 001117e19970000SP |||||||||||||||||spa|d | ||
| 082 | 0 | 4 | |a 796.41 |b GAR |2 21 |
| 100 | |a García-Verdugo Delmas, Mariano |e author |9 542046 | ||
| 700 | 0 | |a Leibar Mendarte, Xabier |e author |9 451911 | |
| 245 | 1 | 0 | |a Entrenamiento de la resistencia de los corredores de medio fondo y fondo |
| 300 | |a 457 p | ||
| 942 | |c BK | ||
| 945 | |d 20001117 00:00:00 |a cmena | ||
| 260 | |a Madrid |b Gymnos |c 1997 | ||
| 650 | 0 | |a Atletismo |9 307422 | |
| 650 | 0 | |a Deportes |9 224367 | |
| 650 | 7 | |a ENTRENAMIENTO ATLETICO |2 CL-VaPUC |9 451912 | |
| 650 | 7 | |a DEPORTES DE PISTA |2 CL-VaPUC |9 311723 | |
| 650 | 0 | |a Alto rendimiento |9 432771 | |
| 650 | 7 | |a RENDIMIENTO DEPORTIVO |2 CL-VaPUC |9 432769 | |
| 583 | |a last modification |c 20001117 00:00:00 |k Rodrigo Vera | ||
| 999 | |c 292373 |d 292371 | ||
| 952 | |0 0 |1 0 |4 0 |6 796_410000000000000_GAR_1997 |7 0 |8 A |9 343191 |a BIBEDU |b BIBEDU |d 2019-11-20 |i 3668169 |o 796.41 GAR 1997 |p 3668169 |r 2019-11-20 |w 2019-11-20 |y BK |k EFI | ||